A Comparative study of the performance of clones under category No. 1 in the estate and smallholding sectors of Pathanamthitta (Record no. 74261)

MARC details
000 -LEADER
fixed length control field 00446nam a2200133Ia 4500
100 ## - MAIN ENTRY--AUTHOR NAME
Personal name Abraham, T.A.
245 #2 - TITLE STATEMENT
Title A Comparative study of the performance of clones under category No. 1 in the estate and smallholding sectors of Pathanamthitta
260 ## - PUBLICATION, DISTRIBUTION, ETC. (IMPRINT)
Name of publisher Kerala Agricultural University
Place of publication Thrissur
Year of publication 1991
300 ## - PHYSICAL DESCRIPTION
Number of Pages 36
500 ## - GENERAL NOTE
General note Course: PGDNRP
700 ## - ADDED ENTRY--PERSONAL NAME
Personal name Dr AON Panikkar
942 ## - ADDED ENTRY ELEMENTS (KOHA)
Koha item type Theses
Holdings
Withdrawn status Lost status Damaged status Not for loan Collection code Home library Current library Shelving location Date acquired Koha item type
      Theses Dissertation RRII Library RRII Library Crop imporvement 31/12/2021 Theses